000 00996nam a2200253Ia 4500
003 GCL
005 20240530095448.0
008 140319s9999 xx 000 0 ara d
020 _a9884509953
040 _aGCL /
_cGCL
082 0 4 _a323.4
_bم ح
110 0 _aمركز دراسات الوحدة العربية
245 1 0 _aحقوق الانسان :
_bالرؤى العالمية والاسلامية والعربية /
_cمركز دراسات الوحدة العربية
250 _aالاولى
260 _aبيروت :
_bمركز دراسات الوحدة العربية ،
_c2005
300 _a400 ص. ؛
_c24 سم
490 0 _aسلسلة كتب المستقبل العربى
_v41
650 0 4 _aالحقوق السياسية
650 0 4 _aالاسلام والاصلاح الاجتماعى
650 0 4 _aحقوق الانسان
650 0 4 _aحقوق الانسان-البلدان العربية
650 0 4 _aالاسلام و حقوق الانسان
942 _2ddc
_cBK
999 _c7516
_d7516